Rozhodování jak činit správná a rychlá rozhodnutí

Saved in:
Bibliographic Details
Main Author: Nöllke, Matthias
Other Authors: Tomek, Gustav
Format: Book
Language:Czech
Published: Praha Grada Publishing 2003
Series:Poradce pro praxi
Subjects:
Tags: Add Tag
No Tags, Be the first to tag this record!

MARC

LEADER 00000nam$a2200000$$$4500
001 0017323
005 20240313133454.1
020 |a 80-247-0411-0 
041 0 |a cze 
044 |a CZ 
245 1 0 |a Rozhodování  |b jak činit správná a rychlá rozhodnutí  |c Matthias Nöllke ; překlad Gustav Tomek 
264 1 |a Praha  |b Grada Publishing  |c 2003 
300 |a 108 s. 
490 1 |a Poradce pro praxi 
830 0 |a Poradce pro praxi 
610 2 0 |a rozhodovanie 
610 2 0 |a manažéri 
610 2 0 |a manažerizmus 
610 2 0 |a riadenie 
610 2 0 |a rozhodovanie manažérske 
100 1 |a Nöllke, Matthias 
700 1 |a Tomek, Gustav